Регионална библиотека "Любен Каравелов" - Русе

За Отечеството работим, Байо! (Запис номер 326676)

MARC детайли
000 -Лидер
Контролно поле с фиксирана дължина nam a22 a 4500
003 - Код на организацията, давaща контролен номер
Контролно поле BLK
005 - Дата и час на последна редакция
Контролно поле 20201007040522.0
008 - Елементи от данни с фиксирана дължина
fixed length control field 181123b bu ||||| |||| 00| 0 bu d
020 ## - Международен стандартен номер на книга ISBN
Международен стандартен номер на книга ISBN 9789542316107
040 ## - Източник на каталожния запис
Идентификатор на билиотеката - собственик на записа BLK
041 ## - Код за език
Код за езика на текст/звукозапис или на отделно заглавие Български
Код за езика КДБФ Български
080 ## - УДК
Текстов определител УДК Националноосвободителното движение в България (1856-1877)
УДК код - определител по УДК 94(497.2)"1856/1877"
УДК - код + определител 94(497.2)"1856/1877"
080 ## - УДК
Текстов определител УДК Васил Иванов Кунчев, известен и като Апостола на свободата, идеолог и организатор на българската национална революция, национален герой
УДК код - определител по УДК 929 Левски, Васил
УДК - код + определител 929 Левски, Васил
100 1# - Редна дума - Автор
Автор Ръжгев, Бойко Павлов
Авторска отговорност първи автор
R(LIN) 1299
139 ## - Редно поле
Редна дума Ръжгев, Бойко Павлов
Авторски знак Левс - Л 36
245 ## - Сведения за заглавието
Заглавие За Отечеството работим, Байо!
260 ## - Област на издателските данни
9 (RLIN) 391004
Място на издаване, разпространение и проч. Свищов
Име на издателя, разпространителя и проч. Акад. изд. "Ценов"
Година на издаване 2017 г.
Печатница Полиграфическа база на Академично издателство "Ценов" - Свищов
300 ## - Физическа характеристика
Страници 301 с.
Илюстрации и др. с ил., факс.
Размери/Мащаб 24 см
380 ## - Жанр
Жанр История
490 ## - СЕРИИ (Колекции)
9 (RLIN) 203335
Име на серия Поредица Интересно и малко известно
500 ## - Общи забележки
Забележка Биогр. данни за авт. отбелязани на гърба на кор.
650 #7 - Допълнително описание по предмет – тема
Основно описание – тема или топоним Левски, Васил
9 (RLIN) 160171
653 #7 - Ключова дума – ненормативна
9 (RLIN) 182637
Ключова дума българска история
653 #7 - Ключова дума – ненормативна
9 (RLIN) 181990
Ключова дума биографии
700 ## - Други автори (авторска отговорност)
9 (RLIN) 390421
Лично име Александрова, Милена
Автороска отговорност (Описва отношението между автора и произведението) предпечат
700 ## - Други автори (авторска отговорност)
9 (RLIN) 639
Лично име Александрова, Милена
Автороска отговорност (Описва отношението между автора и произведението) компютърна обраб.
852 ## - Местоположение
Форматна сигнатура Цб 291897
999 ## - СИСТЕМНИ КОНТРОЛНИ НОМЕРА
Koha biblionumber 326676
Koha biblioitemnumber 326676
942 ## - АРТИКУЛИ
Вид на библиотечния материал Книги
Скрит в OPAC Не
944 ## - СЪЗДАВАНЕ И РЕДАКЦИЯ на ЗАПИСА
Създаване/Редакция Създаване
Дата на регистрацията/редакция 2018-11-23
Служител, извършил регистрацията/редакцията Тони Тончев
Статус, дата на статуса 2018-11-23
999 ## - СИСТЕМНИ КОНТРОЛНИ НОМЕРА
Koha biblioitemnumber 326676
999 ## - СИСТЕМНИ КОНТРОЛНИ НОМЕРА
Koha biblioitemnumber 326676
Наличности
Код за отписване Код за изгубен артикул Източник на класификационната схема Код за повреда Коз за рестрикции Код за отдаване Артикулен № Име на библиотеката - собственик Име на библиотеката, в която се намира в момента Статус (Текущо местоположение) Дата на вписване в системата Местоположение - отдел Цена в лева Систематично азбучна сигнатура Баркод Цена в евро Служебен тип на артикула
  Не е изгубен Universal Decimal Classification Не е повреден без рестрикции ползва се в читалня 683097 Регионална библиотека "Любен Каравелов" Русе Регионална библиотека "Любен Каравелов" Русе Хранилище 2018-11-28 Хранилище 13.00 Цб 291897 120000825954 6.65 Книги
  Не е изгубен Universal Decimal Classification Не е повреден без рестрикции заемане за дома 730590 Регионална библиотека "Любен Каравелов" Русе Регионална библиотека "Любен Каравелов" Русе Заемна - подръчен фонд 2019-07-16 Заемна - подръчен фонд 13.00 П 94(497.2)"1856/1877"(092)/ Л36 120000834269 6.65 Книги
Vip Innovations Ltd, Rousse, Bulgaria 2025